Music Quiz

Random Music or Lyrics Quiz

Lyrics - 'Fake It' by Bastille Quiz Stats

Quiz not verified by Sporcle

Challenge
Share
Tweet
Embed
Score 0/230 Timer 07:00
0 Plays Today
% Correct
I
98.5%
I
98.5%
I
98.5%
I
98.5%
I
98.5%
I
98.5%
I
98.5%
And
98%
a
98%
and
98%
And
98%
do
98%
the
98%
it
98%
it
98%
the
98%
the
98%
it
98%
a
98%
and
98%
a
98%
and
98%
[Chorus]
97.9%
to
97%
to
97%
to
97%
to
97%
to
97%
to
97%
to
97%
to
97%
[Chorus repeats]
97%
to
97%
to
97%
[Chorus repeats x2]
97%
We
96%
We
96%
We
96%
we
96%
we
96%
we
96%
go
94.6%
go
94.6%
my
94.1%
my
94.1%
my
94.1%
my
94.1%
my
94.1%
my
94.1%
my
94.1%
fake
94.1%
my
94.1%
my
94.1%
my
94.1%
my
94.1%
you
93.6%
you
93.6%
love
93.1%
best
93.1%
best
93.1%
don't
92.6%
don't
92.6%
on
92.6%
Oh
92.6%
Don't
92.6%
no
92.1%
our
92.1%
our
92.1%
no
92.1%
can
91.6%
can
91.6%
lover,
91.1%
lover,
91.1%
back
90.6%
back
90.6%
that
90.1%
that
90.1%
% Correct
that
90.1%
that
90.1%
turn
89.6%
never
89.6%
turn
89.6%
turn
89.6%
very
89.6%
turn
89.6%
turn
89.6%
your
88.6%
your
88.6%
time,
88.1%
me
88.1%
time
88.1%
time
88.1%
time
88.1%
time
88.1%
out
88.1%
me
88.1%
time
88.1%
time
88.1%
time
88.1%
time
88.1%
me
88.1%
me
88.1%
think
87.6%
I'm
87.6%
I'm
87.6%
only
87.6%
recreate
87.6%
page
87.6%
rip
87.6%
straight
87.6%
over,
85.6%
over
85.6%
let's
85.6%
Let's
85.6%
night
85.1%
should
85.1%
try
85.1%
selfish
84.7%
all
84.2%
all
84.2%
all
84.2%
all
84.2%
Then
84.2%
Then
84.2%
all
84.2%
all
84.2%
all
84.2%
all
84.2%
want,
83.2%
there's
83.2%
wanna
83.2%
wanna
83.2%
wanna
83.2%
wanna
83.2%
There's
83.2%
wanna
83.2%
wanna
83.2%
wanna
83.2%
wanna
83.2%
this
82.7%
this
82.7%
of
82.2%
of
82.2%
of
82.2%
of
82.2%
of
82.2%
of
82.2%
of
82.2%
of
82.2%
like
81.7%
waste
81.2%
waste
81.2%
waste
81.2%
waste
81.2%
% Correct
waste
81.2%
waste
81.2%
waste
81.2%
waste
81.2%
with
80.7%
with
80.7%
really
80.2%
it's
80.2%
when
80.2%
down,
80.2%
Lost
79.7%
in
79.7%
lost
79.7%
lost
79.7%
you're
79.2%
wax
79.2%
found,
79.2%
around,
78.7%
not
78.2%
have
77.7%
Drive
77.7%
at
77.2%
every
77.2%
own,
76.7%
saying
75.7%
capacity
75.7%
capacity
75.7%
point
74.3%
Still
73.8%
Still
73.8%
Still
73.8%
Still
73.8%
hard
72.8%
Melt
72.8%
jokes
72.8%
being
71.8%
stopped
71.8%
develop
71.3%
nowhere
70.3%
crimes
69.8%
low
68.3%
heads,
67.8%
because
67.3%
mistake
67.3%
knocking
66.3%
each
66.3%
that's
65.8%
laying
65.8%
lose
65.8%
through
65.8%
destroy,
65.8%
reliving
65.3%
made
65.3%
prove
65.3%
Show
64.9%
Days
64.9%
Days
64.9%
sharing
64.4%
joy,
63.9%
scars
63.9%
nights
63.9%
nights
63.9%
flower
63.4%
Help
63.4%
Help
63.4%
eye
62.9%
eye
62.9%
disarray
61.4%
blind
61.4%
blind
61.4%
weakness
60.9%
weakness
60.9%
restore
55%
pride
54.5%
colour
54%
grey
48.5%

You're not logged in!

Compare scores with friends on all Sporcle quizzes.
Sign Up with Email
OR
Log In

You Might Also Like...

Show Comments

Extras

Top Quizzes Today


Score Distribution

Your Account Isn't Verified!

In order to create a playlist on Sporcle, you need to verify the email address you used during registration. Go to your Sporcle Settings to finish the process.